000
00311 a2200145 4500
001
75181
020
_a
9788578417703
040
_c
Anchieta - Colégio São Paulo
240
1
0
_a
Livros dos desafios
_l
por
245
1
0
_a
Livros dos desafios
300
_a
199
362
0
_a
2012
650
4
_a
Leitura
942
_c
BK
999
_c
75181
_d
75181